000 01072nab a2200205 i 4500
001 768714001
003 CO-MdFUSB
005 20240426092822.0
008 240425t1980 us ||||| |||| 00| 0 eng d
040 _bspa
_cCO-MdFUSB
_dCO-MdFUSB
041 _aeng
100 _aRottenberg, Isaac C.,
_eautor
245 _aChristian versus christian
_c/ Isaac C. Rottenberg
300 _aVolumen 1, número 2 (spring, 1980), páginas: 59 - 64
_c; 27 cm
520 _aCristiano versos cristiano, expone que el conflicto es inevitable. Cuando llegue, enfréntalo y sigue el estilo de ministerio de confrontación de Jesús. Además, recalca el coraje sin compasión conduce al autoritarismo. La compasión sin coraje conduce al sentimentalismo. La gestión creativa de conflictos requiere una combinación cuidadosa de estas dos cualidades.
650 7 _aGestión de conflictos
_92119
650 7 _aÉtica cristiana
_9185
773 0 _068780
_982544
_oR2478
_tLeadership :
_w(CO-MdFUSB)768714001
_gVolumen 1, número 2 (spring, 1980), páginas: 59 - 64
_qpágina: 59
942 _cANA
999 _c69366
_d69366